00468nam a22001697a 450000500170000001000150001702000260003203500130005803700130007108200150008410000180009924500510011726000290016827000550019730000270025250000190027920150624104640.0 aENG-113007 a9789381714577c495.00 aEN-96539 bDBAD/PUB a615.140153 aKar, Ashutosh aPharmaceutical calculations /cby Ashutosh Kar aNew DelhibMedTechc2014 a4850/24, Ansari Road, DaryaganjbNew Delhie110002 axviii,410p.c24cm(pbk) aIncludes index